| 000 | 01819nam a2200265Ia 4500 | ||
|---|---|---|---|
| 999 |
_c53975 _d53975 |
||
| 001 | 21026 | ||
| 003 | GE_BSU | ||
| 005 | 20210708175808.0 | ||
| 008 | 181216s2015||||ge |||||||||||||| ||geo|| | ||
| 020 | _a9789941944284 | ||
| 040 | _cGE_BSU | ||
| 041 | _ageo | ||
| 080 | _a373.3/5(479.223)(09) ჩ-21 | ||
| 100 |
_aჩანტლაძე, იზა _912219 |
||
| 245 |
_aმარტო ამისთვის ღირდა სიცოცხლე! = Only for this it was worth to live / _cიზა ჩანტლაძე ; სარედაქციო საბჭო : ალეკო ბაკურიძე, რამაზ სურმანიძე, შუშანა ფუტკარაძე [და სხვ.]. |
||
| 264 |
_aთბილისი : _bსვეტი, _c2015-2016. |
||
| 300 |
_a340 გვ. : _bფოტ. ; _c 20 სმ. |
||
| 500 | _aწიგნი ეძღვნება ცნობილი საზოგადო მოღვაწის, ზემო აჭარის სოფელ ოლადაურის ქართული სკოლის დამაარსებლის ნური ბერიძის ხსოვნას (დაბადებიდან 170-ე წლისთავთან და სკოლის საუკუნოვან იუბილესთან დაკავშირებით) | ||
| 541 | _h35ლ. | ||
| 653 | _aმარტო ამისთვის ღირდა სიცოცხლე! | ||
| 653 | _aპედაგოგიკა | ||
| 653 | _aსაშუალო სკოლების ისტორია აჭარაში | ||
| 710 |
_aილიას სახელმწელმწიფო უნივერსიტეტი _912220 |
||
| 942 |
_cBK _2udc |
||